00437 a2200157 450000500170000002000150001708200130003210000190004524500360006425000130010026000350011330000610014870000420020994200130025199900150026420250611101118.0 a0131536277 a519.5COU aGROEBNER. F. D aA Course in Business Statistics a4end Ed. aUSAbGROEBNER. F. Dc2002,2006 aXXX, 656, ill, table, figure,bAppendices, Indexc27.5cm aSHANNON. W. P, FRY. C. P, SMITH. D. K 2ddccBKS c3719d3719